Lanean...
Practical Pruning for all growers of fruit.
| Egile nagusia: | |
|---|---|
| Formatua: | Printed Book |
| Hizkuntza: | Undetermined English |
| Argitaratua: |
London
Lockton press
|
| Gaiak: |
| LEADER | 00527nam a2200157Ia 4500 | ||
|---|---|---|---|
| 008 | 140306s9999 xx 000 0 und d | ||
| 041 | |a eng | ||
| 082 | |a 634 |b MOR | ||
| 100 | |a Morton, J W | ||
| 245 | |a Practical Pruning for all growers of fruit. | ||
| 260 | |a London |b Lockton press | ||
| 650 | |a Practical Pruning - fruit | ||
| 650 | |a Pruning -Fruits growers | ||
| 942 | |2 ddc |c BK | ||
| 999 | |c 73021 |d 73021 | ||
| 952 | |0 0 |1 0 |2 ddc |4 0 |6 634_000000000000000_MOR |7 0 |9 79373 |a KAUACV |b KAUACV |d 2004-07-01 |o 634 MOR |p KAU_ACV-382 |r 2014-03-22 |w 2014-03-22 |y BK | ||